000 00603nam a2200217Ia 4500
003 OSt
005 20220923230922.0
006 a|||||r|||| 00| 0
007 ta
008 Pun
024 _a306,463
037 _cTextual
040 _aARTS
_cARTS
_bPun
041 _2Pun
_aPun
082 _aT:3(O), 153L7;N3
100 _aਥਿੰਦ, ਕਰਨੈਲ ਸਿੰਘ
_9156315
245 0 _aਸਾਹਿੱਤ ਅਧਿਐਨ ਪ੍ਰਣਾਲੀਆਂ
260 _c1993
942 _hT:3(O), 153L7;N3
_cTEXL
_2CC
999 _c388244
_d388244